000 01104nam a2200313 a 4500
001 22971
003 SK-KTurca
005 20260513092605.0
008 250414s1994 xo slo
015 _aSNBA1994/06
020 _a8071181129
035 _aSNK000018274
035 _aurn:nbn:sk:snk-amlhgw
035 _aurn:nbn:sk:snk-am00boug
035 _aB9D8D969-9D20-4894-B334-1AB9F81F6B95
040 _aSNK
_bslo
_cSNK
_eAACR2
041 0 _aslo
044 _axo
_cSK
080 _a796.41.035(035)
_21981
100 1 _aPinckney, Callan
_4aut
245 1 0 _aSuper kalanetika
_bIntenzívny program pre pokročilých. Na ďalšie skrášlenie a spevnenie tela. K postave snov za neuveriteľne krátky čas
_cCallan Pinckney ; Prel. Taťjana Augstenová ; Fotogr. Stuart M. Gross
260 _aBratislava
_bIkar
_c1994
_eBratislava
_fSvornosť
300 _a152 s., 3,53 AH, 3,71 VH
_bFotogr.
_c27 cm
700 1 _aAugstenová, Taťjana
_4trl
700 1 _aGross, Stuart M.
_4pht
942 _2ddc
_cOLDO
_n0
999 _c22971
_d22971